Memoria clínica del Sanatorio Provincial y Municipal de Barcelona : año de 1897 / J. Durán Trincheria año de 1897 / J. Durán Trincheria
Publicado:
[s.l., s.n., s.a.] :
Descripción Física:
28 f. . mecanografiats, 1 fotogr. ; 28 cm
MARC
| LEADER | 00000nam a2200000Ia 4500 | ||
|---|---|---|---|
| 001 | 948 | ||
| 008 | 160829s9999 xx 000 0 cat d | ||
| 080 | |a C-2-48 | ||
| 100 | |a Duran i Trinchería, Joaquim |9 39126 | ||
| 245 | |a Memoria clínica del Sanatorio Provincial y Municipal de Barcelona : |b año de 1897 / J. Durán Trincheria | ||
| 260 | |a [s.l., s.n., s.a.] | ||
| 300 | |a 28 f. . mecanografiats, 1 fotogr. ; |c 28 cm | ||
| 650 | |a Sanatorio Províncial y Municipal de Barcelona |x Memòries |9 39127 | ||
| 650 | |a Cuba |x Història |x 1895/1898, Guerra de la Independència |9 46670 | ||
| 650 | |a Guerra |x Auxilis a malalts i ferits |9 39129 | ||
| 901 | |a Arxiu | ||
| 942 | |n 1 | ||
| 952 | |0 0 |1 0 |4 0 |6 C248 |7 1 |9 48820 |a Arxiu |b Arxiu |d 2016-12-01 |l 0 |o C-2-48 |p 948 |r 2016-12-01 00:00:00 |w 2016-12-01 |y ARXIU | ||
| 999 | |c 52654 |d 52654 | ||